[Event "Montigny le Bretonneux op 22nd"]
[Site "Montigny le Bretonneux"]
[Date "2023.12.29"]
[Round "6"]
[White "Garabedian, Christophe"]
[Black "Un, Prathna"]
[Result "0-1"]
[WhiteElo "1199"]
[BlackElo "1199"]
[PlyCount "78"]
[EventDate "2023.12.27"]
[EventType "swiss"]
[EventRounds "7"]
[EventCountry "FRA"]
[SourceTitle "CB06_2024"]
[SourceDate "2024.02.07"]
[SourceVersion "1"]
[SourceVersionDate "2024.02.07"]
[SourceQuality "1"]

1. d4 Nf6 2. Bf4 e6 3. Nf3 Bd6 4. Bg3 0-0 5. e3 Nc6 6. c3 Qe7 7. Bd3 g6 8. Nbd2 e5 9. Ne4 exd4 10. Nxf6+ Qxf6 11. cxd4 b6 12. Qc2 Bb7 13. 0-0-0 Nb4 14. Qb3 a5 15. Bh4 a4 16. Qc4 Qe6 17. Qxe6 dxe6 18. a3 Nd5 19. h3 Rac8 20. g4 f6 21. Rdg1 g5 22. Bg3 e5 23. h4 Rce8 24. hxg5 e4 25. g6 exd3 26. gxh7+ Kh8 27. Kd2 Re7 28. Nh4 Rxh7 29. Ng6+ Kg7 30. Nxf8 Bxf8 31. Rxh7+ Kxh7 32. e4 Ne7 33. Bxc7 Bxe4 34. Bxb6 Bh6+ 35. Kc3 d2 36. Rd1 Nd5+ 37. Kc4 Nxb6+ 38. Kb5 Nd5 39. Kxa4 Bc2+ 0-1